LEADER 01431nam--2200433---450- 001 990000761750203316 005 20150408122202.0 010 $a2-503-50353 035 $a0076175 035 $aUSA010076175 035 $a(ALEPH)000076175USA01 035 $a0076175 100 $a20011122d1994----km-y0itay0103----ba 101 $afra 102 $abe 105 $a||||||||001yy 200 1 $aFirmini Verris Dictionarius$eDictionnaire latin-français$fde Firmin Le Ver$gédité par Brian Merrilees et William Edwards 210 $aTurnholti$cBrepols$d1994 215 $aXXXV, 540 p.$d32 cm 225 2 $aCorpus Christianorum$iContinuatio mediaevalis$hSeries in 4.$v1 410 $12001$aCorpus Christianorum$iContinuatio mediaevalis$hSeries in 4.$v1 410 $12001 676 $a473.41 700 1$aLE VER,$bFirmin$0550079 702 1$aMERRILLES,$bBrian 801 0$aIT$bsalbc$gISBD 912 $a990000761750203316 951 $aV.4.Coll.2/ 187$b117751 LM$cV.4.$d369040 959 $aBK 969 $aUMA 979 $aPATTY$b90$c20011122$lUSA01$h1028 979 $aCHIARA$b90$c20020313$lUSA01$h1340 979 $c20020403$lUSA01$h1723 979 $aPATRY$b90$c20040406$lUSA01$h1652 979 $aCOPAT4$b90$c20051019$lUSA01$h1831 979 $aALESSANDRA$b90$c20150408$lUSA01$h1221 979 $aALESSANDRA$b90$c20150408$lUSA01$h1222 996 $aFirmini Verris Dictionarius$9964783 997 $aUNISA LEADER 02133nam 2200601 450 001 9910467006703321 005 20200520144314.0 010 $a1-940425-75-1 035 $a(CKB)3780000000096344 035 $a(EBL)4540302 035 $a(SSID)ssj0001629986 035 $a(PQKBManifestationID)16376412 035 $a(PQKBTitleCode)TC0001629986 035 $a(PQKBWorkID)13949512 035 $a(PQKB)10591010 035 $a(MiAaPQ)EBC4540302 035 $a(OCoLC)940184277 035 $a(MdBmJHUP)muse52646 035 $a(Au-PeEL)EBL4540302 035 $a(CaPaEBR)ebr11219774 035 $a(CaONFJC)MIL899624 035 $a(OCoLC)951595120 035 $a(EXLCZ)993780000000096344 100 $a20160627h20162016 uy 0 101 0 $aeng 135 $aur|n|---||||| 181 $ctxt 182 $cc 183 $acr 200 10$aAlgerian diary $eFrank Kearns and the "Impossible Assignment" for CBS News /$fGerald Davis 210 1$aMorgantown, West Virginia :$cWest Virginia University Press,$d2016. 210 4$d©2016 215 $a1 online resource (266 p.) 300 $aDescription based upon print version of record. 311 $a1-933202-62-9 320 $aIncludes bibliographical references and index. 327 $aA small office in Cairo -- La Guerre d'Algerie -- A reporter's journey to Algeria -- The unrealistic or impossible assignment -- Algerian diary -- Evidence of considerable interest -- Epilogue. 606 $aForeign correspondents$zUnited States$vBiography 606 $aTelevision broadcasting of news$zUnited States 607 $aAlgeria$xHistory$yRevolution, 1954-1962$xPress coverage$zUnited States 607 $aAlgeria$xHistory$yRevolution, 1954-1962$xTelevision and the revolution 608 $aElectronic books. 615 0$aForeign correspondents 615 0$aTelevision broadcasting of news 676 $a965/.0461 700 $aDavis$b Gerald$c(Filmmaker),$0966057 801 0$bMiAaPQ 801 1$bMiAaPQ 801 2$bMiAaPQ 906 $aBOOK 912 $a9910467006703321 996 $aAlgerian diary$92192329 997 $aUNINA